00574nam a22001697a 4500003000900000008004100009040007100050082001800121100002400139245005400163260008700217300002800304440003400332650001100366650001400377650001300391AR-CdUCM190305b ||||| |||| 00| 0 spa d aMUNICIPALIDAD PROVINCIAL DEL CUSCOcBIBLIOTECA MUNICIPAL DEL CUSCO a869.70 /bT17 aDe Tallenay, Jenny  aRecuerdos de Venezuela :b(Apuntes de un viaje) / aCaracas :bMinisterio de Educación Dirección de Cultura y Bellas Artes,c1954. a258 páginas ;c17 cm. aBiblioteca Popular Venezolana aNovela aVenezuela aMemorias